000 00947naa a22002657a 4500
001 BR8405401
003 BR-BrBNA
005 20240918175503.0
007 ta
008 230509b bl.||||| |||| 00| 0 por d
040 _aBR-BrBNA
_bpor
_cBiblioteca Nacional de Agricultura
041 _a(En, Pt)
072 _aE11
090 _aE11 BR8405401
100 1 _aLawrance, J.
111 1 _aSimposio Internacional de Experiencia Fundiaria
_cSalvador, BA (Brazil)
_d20-24 Aug 1984
245 1 _aCadastro e registro de terras
260 3 _aBrasilia, DF (Brasil):
_c1984.
500 _aAnais do Simposio Internacional de Experiencia Fundiaria Brasilia, DF (Brasil): 1984. p. 403-439 (BR8405401-AM)E11
650 _aTERRA
650 _aCADASTRO RURAL
773 0 _tAnais do Simposio Internacional de Experiencia Fundiaria
_b
_wE11 BR8405401
_gBrasilia, DF (Brasil), 1984. p. 403-439
909 _a202404
_bLucia
_c55
_dLucia Elande
942 _cAM
_2AGRIS
999 _c316957
_d316957